书目信息 |
| 题名: |
反恐秘密战
|
|
| 作者: | 施密特 , 尚卡尔 著 ;洪漫 译 | |
| 分册: | ||
| 出版信息: | 北京 新华出版社 2015 |
|
| 页数: | 253页 | |
| 开本: | 24cm | |
| 丛书名: | 新华国际政治精品文库 | |
| 单 册: | ||
| 中图分类: | D771.288 | |
| 科图分类: | ||
| 主题词: | 反恐怖活动--fan kong bu huo dong--研究--美国 | |
| 电子资源: | ||
| ISBN: | 978-7-5166-2139-4 | |
| 000 | 01866nam0 22003491 450 | |
| 001 | 0120082255 | |
| 005 | 20170320082255.0 | |
| 010 | @a978-7-5166-2139-4@b精装@dCNY68.00 | |
| 100 | @a20151225d2015 em y0chiy50 ea | |
| 101 | 1 | @achi@ceng |
| 102 | @aCN@b110000 | |
| 105 | @ay z 000yy | |
| 106 | @ar | |
| 200 | 1 | @a反恐秘密战@9fan kong bi mi zhan@e美国如何打击“基地”组织@f(美) 埃里克·施密特, 汤姆·尚卡尔著@g洪漫译 |
| 210 | @a北京@c新华出版社@d2015 | |
| 215 | @a253页@d24cm | |
| 225 | 2 | @a新华国际政治精品文库@9xin hua guo ji zheng zhi jing pin wen ku |
| 306 | @a简体中文出版权归新华出版社 | |
| 312 | @a英文题名原文取自版权页 | |
| 314 | @a埃里克·施密特, 《纽约时报》采访恐怖主义专题的记者。汤姆·尚卡尔, 《纽约时报》报道国防安全的记者, 经常在伊拉克和阿富汗随军深入采访。 | |
| 314 | @a责任者Schmitt规范汉译姓: 施米特 | |
| 330 | @a本书首次详述了美国政府是如何打击“基地”组织, 并最终击毙本·拉登的, 揭秘了美国国家安全体系的运作模式。“9·11”事件后, 美国的情报机构、军方和执法部门迅速行动, 制定了全面有效的反击战略, 并将这些源自冷战时期遏制理论的创新性战略, 综合运用到打击恐怖主义和击毙本·拉登的袭击行动中。本书的两位作者均是美国《纽约时报》反恐领域的资深记者, 他们搜集了大量美国反恐方面的相关资料, 揭示了美国决策者和军方就制定上述战略所进行争论的细节, 阐述了美国反恐在国内、中东乃至全世界面临的挑战和取得的成就。 | |
| 461 | 0 | @12001 @a新华国际政治精品文库 |
| 500 | 10 | @aCounterstrike : the untold story of America's secret campaign against al qaeda@mChinese |
| 517 | 1 | @a美国如何打击“基地”组织@9mei guo ru he da ji ji di zu zhi |
| 606 | 0 | @a反恐怖活动@9fan kong bu huo dong@x研究@y美国 |
| 690 | @aD771.288@v5 | |
| 701 | 1 | @a施密特@9shi mi te@c(Schmitt, Eric)@4著 |
| 701 | 1 | @a尚卡尔@9shang ka er@c(Shanker, Thom)@4著 |
| 702 | 0 | @a洪漫@9hong man@4译 |
| 801 | 0 | @aCN@bTANGWEI@c20170308 |
| 905 | @b0957522-4@dD771.288@e396@f3 | |
| 反恐秘密战:美国如何打击“基地”组织/(美) 埃里克·施密特, 汤姆·尚卡尔著/洪漫译.-北京:新华出版社,2015 |
| 253页;24cm.-(新华国际政治精品文库) |
| ISBN 978-7-5166-2139-4(精装):CNY68.00 |
| 本书首次详述了美国政府是如何打击“基地”组织, 并最终击毙本·拉登的, 揭秘了美国国家安全体系的运作模式。“9·11”事件后, 美国的情报机构、军方和执法部门迅速行动, 制定了全面有效的反击战略, 并将这些源自冷战时期遏制理论的创新性战略, 综合运用到打击恐怖主义和击毙本·拉登的袭击行动中。本书的两位作者均是美国《纽约时报》反恐领域的资深记者, 他们搜集了大量美国反恐方面的相关资料, 揭示了美国决策者和军方就制定上述战略所进行争论的细节, 阐述了美国反恐在国内、中东乃至全世界面临的挑战和取得的成就。 |
| ● |
| 相关链接 |
|
|
|
|
正题名:反恐秘密战
索取号:D771.288/396
 
预约/预借
| 序号 | 登录号 | 条形码 | 馆藏地/架位号 | 状态 | 备注 |
| 1 | 0957522 | 209575226 | 第一样本阅览室/ [索取号:D771.288/396] | 在馆 | |
| 2 | 0957523 | 209575235 | 第一借阅区/ [索取号:D771.288/396] | 在馆 | |
| 3 | 0957524 | 209575244 | 第一借阅区/ [索取号:D771.288/396] | 在馆 |